Top 8 największych polskich miast które nie grały w ekstraklasie - Statystyki

Ogólne statystyki
  • Ten quiz został rozwiązany 45 razy
    6 od ostatniego zresetowania
  • Średni wynik to 7 z 8
Statystyki odpowiedzi
Hint Odpowiedź % Poprawnych
109 662 Dąbrowa Górnicza
100%
140 892 Zielona góra
100%
106 561 Gorzów Wielkopolski
100%
168 596 Toruń
100%
112 052 Elbląg
83%
105 143 Koszalin
83%
128 793 Ruda Śląska
83%
99 474 Włocławek
67%
Nie znaleziono quizów pasujących do podanych kryteriów
Rozkład punktacji
Procent ludzi z każdym wynikiem
Percentyl według liczby udzielonych odpowiedzi
Twoja historia wyników
Nie rozwiązałeś tego quizu od ostatniego zresetowania